000 00605nam a22001937a 4500
005 20250327165537.0
010 _aENG-144313
020 _a9788182901193
_c2500.00
035 _aEN-127845
037 _bDBAD
082 _a954.14
_21
100 _aGulia, Bhup Singh
_979988
245 _aThe traditions of Northern India/
_cBhup Singh Gulia
260 _aGurgaon
_bShubhi Publications
_c2008
270 _bGurgaon
_a240, 2nd floor, city center
_e122002
300 _a162p.
_c28 cm(hb)
500 _aA Study of Art, Architecture and Crafts in Haryana
942 _2ddc
_cEN
_h954.14
_mGUL
999 _c210557
_d210557